000 00410nam a2200145Ia 4500
008 210210b1987 xxu||||| |||| 00| 0 eng d
082 _a620.092 VISW
100 _aVISVESWARAIAH (S), Ed.
245 _aWorld state: special issue on Bharatharathna Late Sir M Vishveshwaraya.
260 _aBangaluru
_bS Visveswaraiah
_c1987
300 _a90
650 _aVisveswaraya
690 _aBiography
906 _a040304
999 _c90126
_d90126